| 000 | 01128cab a2200313 4500 | ||
|---|---|---|---|
| 001 | WB3403-03 | ||
| 008 | 090401t1998 xxu||||| |||| 00| 0 eng d | ||
| 035 | _a(Sirsi) u83184 | ||
| 041 | _aeng | ||
| 245 | _aInsulation may be faulty | ||
| 260 | _c1998 | ||
| 350 | _a0 | ||
| 490 |
_aTimes _v20 January 1998, 1 |
||
| 490 |
_aDETR News Release _v(034/ENV) 19 January 1998, (3) |
||
| 520 | _aAfter preliminary research results from the BRE showed that up to 40,000 homes may be affected by water penetration corroding cavity wall ties which could cause structural damage, the DETR is to commission a research programme of field survey checks of the condition of galvanised steel wire wall ties with a green identification film. | ||
| 650 | _aBRE | ||
| 650 | _aCAVITY WALL INSULATION | ||
| 650 | _aCAVITY WALL TIES | ||
| 650 | _aCAVITY WALLS | ||
| 650 | _aCORROSION | ||
| 650 | _aGALVANISED WALL TIES | ||
| 650 | _aLIFE EXPECTANCY | ||
| 650 | _aSTRUCTURAL DAMAGE | ||
| 650 | _aTHERMAL INSULATION | ||
| 650 | _aUF FOAM | ||
| 690 | _aBUILT ENVIRONMENT-BUILDING PATHOLOGY | ||
| 942 | _n0 | ||
| 948 | _c20/01/1998 | ||
| 999 |
_c52530 _d52530 |
||